000 00619nam a2200229Ia 4500
005 20260320201955.0
008 008 262003s9999 xx 000 0 eng d
037 _aEBOOK
040 _aCRL
040 _beng
040 _cCRL
041 _2eng
041 _aeng
084 _qCRL
100 _aDeshpande
245 4 _aThe Art of Manufacturing: Overcome control challenges for increasing efficiency in manufacturing using real-world examples
260 _bIEEE
856 _uhttps://ieeexplore.ieee.org/servlet/opac?bknumber=10162344
942 _cEBOOK
999 _c1724587
_d1724587